Quizzes
Events
Quiz Creation
Community
Videos
Private Events
Remove Ads
Sign In
Join for FREE
Feedback
Dark Mode
Quiz Categories
Sports
Geography
Music
Movies
Television
Just For Fun
Miscellaneous
History
Literature
Language
Science
Gaming
Entertainment
Religion
Holiday
For Kids
Quiz Lab
Recent
Popular Today
Quiz Kudos Today
Editor Picks
Curator Picks
Quizzes by...
Day
Popularity
Type
Ratings
Length
Year
Community
Subscriptions
Recent Discussions
Orange Saloon
Badges
Playlists
Quests
Create
Leaderboards
Showdown
Live 5
Trivia Bingo
Activity
Puzzle Library
Sporcle Events
Private Events
Virtual Trivia
Globe League
Become a Host
Pub Owners
SporcleCon
Opinionation
Our Games
Videos
Blog
Mobile Apps
Partnerships
Remove Ads and Go Orange
Feedback
Music
Pop Music
The Beatles
Song
Album
Lyrics
Bands
Singers
Artist
Clip
Rock
Rap
Classical
Billboard
Country Music
Kpop
Taylor Swift
Music
Pop Music
The Beatles
Song
Album
Lyrics
Bands
Singers
Artist
Clip
Rock
Rap
Classical
Billboard
Country Music
Kpop
Taylor Swift
Random Quiz
Search Sporcle
×
Quiz Lab
Quiz Lab
Music
facebook
Type in answers that appear in a list
Type in answers that appear in a list
Classic
Best Score? Go Orange.
Avenged Sevenfold Songs Stats
Can you name the Avenged Sevenfold Songs by their first letters?
By
jpmahal
3m
25 Questions
988 Plays
988 Plays
988 Plays
Comments
Comments
Give Quiz Kudos
Give Quiz Kudos
-
- Ratings
hide this ad
Replay
Link that replays current quiz
Next Quiz
Link to next quiz in quiz playlist
You Got
0%
They Got
Avg Score
58%
Avg Friend Score
Upgrade to see
Score Distribution
Jump to the score distribution portion of the page
Score
0/25
Timer
03:00
0
Plays Today
Letters
Song Name
% Correct
UC
Unholy Confessions
91.7%
BC
Bat Country
88%
BA
Buried Alive
80.4%
AE
Almost Easy
80.4%
BATH
Beast and the Harlot
73.7%
DL
Danger Line
72.8%
U (TWR)
Unbound (The Wild Ride)
67.5%
ALPOH
A Little Piece of Heaven
66.1%
GHU
God Hates Us
64.7%
IWSYT
I Won't See You Tonight
63.1%
TTWD
Tonight the World Dies
61.4%
STD
Seize The Day
59.7%
CA
Critical Acclaim
53.2%
Letters
Song Name
% Correct
SH
Second Heartbeat
52.8%
WTTF
Welcome to the Family
51.7%
SOTW
Strength of the World
51.4%
BC
Brompton Cocktail
50.7%
NBK
Natural Born Killer
50.7%
DG
Dear God
50.3%
WOTS
Warmness on the Soul
49.6%
CF
Chapter Four
48.5%
ER
Eternal Rest
41.1%
AATWE
And All Things Will End
38.4%
DTR
Desecrate Through Reverence
29.7%
CD
Clairvoyant Disease
29.3%
Quiz Playlist
Details
Report
Send in Message
Add To Playlist
Classic:
Type in answers that appear in a list
Last Updated: Feb 16, 2017
Quiz Scoreboard
CHALLENGE
Sign Up to Join the Scoreboard
Show All
Scores
Hide
Comments
May contain spoilers
Recently Published
Presidents Visiting Landmarks
by Hejman
History
7m
An Introduction to Baseball
by treessimontrees
Sports
5m
Movies - When Are They Set?
by FPL_Elf
Movies
5m
More to Explore
Quiz From the Vault
Featured Blog Post
Where Did the Easter Bunny Come From?
hide this ad
You Might Also Like...
Tags
Avenged Sevenfold
facebook
Metal Songs
Musical Songs
Rock Songs
Today's Top Quizzes in Music
Browse Music
hide this ad
Today's Top Quizzes in facebook
Browse facebook
Top Contributed Quizzes in Music
1
Taylor Swift All Songs (2024)
2
Guess the Artist- 70s Songs
3
One Thing in Common: Music
4
KPOP LOGIC QUIZ
5
2010s Album by Cover III
6
Taylor Swift Logic Puzzle
7
Guess the Taylor Swift song (Mystery Song)
8
7-to-1: Billboard Hot 100 #1 Hits of 2010s
9
2010s Album by Cover IV
10
2010s Album by Cover V
Explore More
Trending Topics
Crossword
Marvel
Disney
Kpop
Anime
Harry Potter
NBA
Country
Pokémon
The Office
Soccer
WWE
Song
Puzzle
NFL
hide this ad
More By:
jpmahal
Quiz
Plays
Rating
Category
Featured
Created
Avenged Sevenfold Songs
988
5.00
Music
Mar 5, 2012
Go to Creator's Profile
Score Distribution
Quiz Creator Spotlight
jpmahal
Follow
Send a Message
Quizzes Created
-
Created Quiz Play Count
-
More By This Creator
Popular Quizzes Today
1
Find the US States - No Outlines Minefield
2
Find the Countries of Europe - No Outlines Minefield
3
The Countries of the World
4
Find the US States
5
Popular People in 1961
6
US States
7
Risky Map Clicking: Biggest States A-Z
8
1-10 Letter E Words III
More Music Quizzes
Guess the most popular member of each k-pop group
Quiz Lab
Trending Quizzes
Risky Map Clicking: Least Populous States A-Z
1-10 Letter G Words
1-10 Letter F Words
One Thing in Common: United Kingdom
Risky Map Clicking: Next State Alphabetically
Recently Updated
Leaping Animals
pecheneg
Reality TV Shows (A-Z)
bhenderson79
Rickey Henderson's Hall of Fame Teammates
pecheneg
Champions League XIs: Arsenal
pecheneg
Quick Pick: Celebrities in WWE's Hall of Fame
aduchscher
A-Z Keypad Blitz II
pecheneg
Multiple Oscar Actors
pecheneg
Mystery Phrase Blitz: Oscar 'Best Actors'
pecheneg
F. Scott Fitzgerald Novels
LTH
Pick 3 Villains
ddd62291
Trending Topics
Anime
Harry Potter
NBA
Crossword
Kpop
Marvel
Disney
Soccer
Song
Pokémon
The Office
WWE
Puzzle
Country
NFL
Your Account Isn't Verified!
In order to create a playlist on Sporcle, you need to verify the email address you used during registration. Go to your
Sporcle Settings
to finish the process.
Report this User
Report this user for behavior that violates our
Community Guidelines
.
Details:
Send Report
Go to the Sporcle.com Mobile Site →
Comments